|
|
|
|
| LEADER |
00000cam a2200000 a 4500 |
| 001 |
vtls001074197 |
| 003 |
SK-MaSNL |
| 005 |
20260301111038.0 |
| 008 |
250414s1994 xo fn 00000 slo |
| 015 |
|
|
|a SNBA1994/02
|
| 020 |
|
|
|a 8085752050
|q (viaz.)
|
| 035 |
|
|
|a 156FE4D0-7C0C-4692-8DF2-1D3EC95F0294
|
| 035 |
|
|
|a SNK000017029
|
| 035 |
|
|
|a urn:nbn:sk:snk-am003mnm
|
| 035 |
|
|
|a urn:nbn:sk:snk-amjayl
|
| 040 |
|
|
|a SNK
|b slo
|c SNK
|e AACR2
|
| 041 |
0 |
|
|a slo
|
| 044 |
|
|
|a xo
|c SK
|
| 080 |
|
|
|a 658.3(035)
|2 1981
|
| 100 |
1 |
|
|a Pichňa, Ján
|4 aut
|9 449934
|
| 245 |
1 |
0 |
|a Základy personalistiky
|n 1
|c Ján Pichňa
|
| 250 |
|
|
|a [1. vyd.]
|
| 260 |
|
|
|a Bratislava
|b Sofa
|c 1994
|e S.l.KOSIBA, s.r.o.
|f KOSIBA, s.r.o.
|
| 300 |
|
|
|a 157 s.
|c 21 cm
|
| 490 |
1 |
|
|a Edícia pre sociologickú literatúru
|
| 500 |
|
|
|a Sadzba: Elenprint, Bratislava
|
| 504 |
|
|
|a Bibliogr. s.: 154
|
| 830 |
|
0 |
|a Edícia pre sociologickú literatúru
|9 449935
|
| 852 |
|
|
|a Slovenská národná knižnica
|
| 919 |
|
|
|a 80-85752-05-0
|
| 958 |
|
|
|a NB
|
| 958 |
|
|
|a SK
|
| 958 |
|
|
|a SP
|
| 999 |
|
|
|c 705243
|d 707173
|
| 952 |
|
|
|t P60, <04>, [BOOK], {604}
|a SNK
|b SNK
|y VYP
|7 0
|p 17A0019780
|o snkSD 66032/1 D1
|i snkKSP 1708/94
|0 0
|1 0
|4 0
|d 1996-11-25
|f 1
|l 0
|r 2004-12-31 00:00:00
|w 2026-02-23
|
| 952 |
|
|
|t P60, <03>, [BOOK], {603}
|a SNK
|b SNK
|y PREZ
|7 0
|p 17A0188769
|o snkSD 66032/1
|0 0
|1 0
|4 0
|d 1999-04-14
|l 0
|r 2004-12-31 00:00:00
|w 2026-02-23
|